Which American City is Further North? - Statistics

General Stats
  • This quiz has been taken 83 times
    82 since last reset
  • The average score is 6 of 15
Answer Stats
Question Answer % Correct
Boston, MA or Detroit, MI? Boston
63%
Kansas City, MO or Washington, D.C.? Kansas City
63%
Buffalo, NY or Milwaukee, WI? Milwaukee
63%
Wichita, KS or San Francisco, CA? San Francisco
63%
Corpus Christi, TX or Tampa, FL? Tampa
63%
Philadelphia, PA or Columbus, OH? Columbus
50%
Nashville, TN or Las Vegas, NV? Las Vegas, NV
50%
Indianapolis, IN or Denver, CO? Denver
38%
Oklahoma City, OK or Charlotte, NC? Oklahoma City
38%
Salt Lake City, UT or New York City, NY? Salt Lake City
38%
Jacksonville, FL or Austin, TX? Jacksonville
25%
Los Angeles, CA or Atlanta, GA? Los Angeles
25%
Houston, TX or New Orleans, LA? New Orleans
25%
Portland, OR or Minneapolis, MN? Portland
25%
Chicago, IL or Providence, RI? Chicago
13%
No matching quizzes found
Score Distribution
Percent of People with Each Score
Percentile by Number Answered
Your Score History
You have not taken this quiz since the last reset